Na priemyselné parky sa v tomto roku nepoužila ani koruna
Vyčlenené financie na podporu priemyselných parkov. Prehľad doteraz podporovaných priemyselných parkov. Nedoriešené projekty a súčasne fungujúce priemyselné parky. Vládna politika. Projekt priemyselného parku malých a stredných podnikateľov z Talianska.
Na minha lista:
| Autor principal: | |
|---|---|
| Formato: | Capítulo de Livro |
| Idioma: | eslovaco |
| Assuntos: | |
| Tags: |
Sem tags, seja o primeiro a adicionar uma tag!
|
MARC
| LEADER | 00000naa$a2200000$$$4500 | ||
|---|---|---|---|
| 001 | 0002556 | ||
| 005 | 20230925123551.9 | ||
| 041 | 0 | |a slo | |
| 044 | |a SK | ||
| 245 | 1 | 0 | |a Na priemyselné parky sa v tomto roku nepoužila ani koruna |c aut. Ivan Špáni |
| 520 | |a Vyčlenené financie na podporu priemyselných parkov. Prehľad doteraz podporovaných priemyselných parkov. Nedoriešené projekty a súčasne fungujúce priemyselné parky. Vládna politika. Projekt priemyselného parku malých a stredných podnikateľov z Talianska. | ||
| 610 | 2 | 0 | |a parky priemyselné |
| 610 | 2 | 0 | |a financie |
| 610 | 2 | 0 | |a projekty |
| 610 | 2 | 0 | |a Slovensko |
| 610 | 2 | 0 | |a dotácie štátne |
| 610 | 2 | 0 | |a investori |
| 610 | 2 | 0 | |a programy rozvojové |
| 610 | 2 | 0 | |a podpora podnikania |
| 100 | 1 | |a Špáni, Ivan | |